| 000 | 01052 a2200181 4500 | ||
|---|---|---|---|
| 003 | Nust | ||
| 005 | 20230504123536.0 | ||
| 040 | _cNust | ||
| 082 | _a973,GRI | ||
| 100 |
_aGriffith Ernest s. _9112101 |
||
| 245 |
_aThe American System of Government / _cErnest S. Griffith |
||
| 260 | _aLondon | ||
| 300 | _a202p. | ||
| 505 | _aIntroduction (Page-1), The Written Constitutions (Page-9), The Nation and the States (Page-21), Congress: Its Organization and Elections (Page-26), Congress: Its Procedure (Page-39), How Congress Makes up its Mind (Page-55), The Chief Executive (Page-69), The Presidency (Page-83), The Bureaucracy (Page-92), The Control of Executive (Page-108), The Source of Public Policy (Page-125), The Instruments of International Policy 135v Political Parties (Page-147), The Judiciary (Page-159), The States (Page-165), Local Government (Page-175), The American Systems Suggested Further Reading (Page-184). | ||
| 600 |
_aErnest S.Griffith _9112102 |
||
| 650 |
_aAmerican System _9112103 |
||
| 942 |
_2ddc _cBK _k973,GRI |
||
| 999 |
_c187174 _d187174 |
||